កំពូលអ្នកផ្សងព្រេងក្នុងទីក្រុង / (Record no. 1335)
[ view plain ]
| 000 -LEADER | |
|---|---|
| fixed length control field | 01943nam a22002897a 4500 |
| 005 - DATE AND TIME OF LATEST TRANSACTION | |
| control field | 20230818131150.0 |
| 020 ## - INTERNATIONAL STANDARD BOOK NUMBER | |
| Qualifying information | 9789924340010 |
| 040 ## - CATALOGING SOURCE | |
| Original cataloging agency | FISKH |
| Language of cataloging | eng |
| Transcribing agency | FISKH |
| Modifying agency | FISKH |
| 082 ## - DEWEY DECIMAL CLASSIFICATION NUMBER | |
| Classification number | 959.6 |
| 100 ## - MAIN ENTRY--PERSONAL NAME | |
| Personal name | Sivngim, Ngoun |
| 245 ## - TITLE STATEMENT | |
| Title | កំពូលអ្នកផ្សងព្រេងក្នុងទីក្រុង / |
| Statement of responsibility, etc. | និពន្ធដោយ ងួន ស៊ីវងីម - គូររូបដោយ ឃុន សុវណ្ណរិទ្ធិ |
| 250 ## - EDITION STATEMENT | |
| Edition statement | បោះពុម្ពលើកទី ៤ ខែវិច្ឆិកា ឆ្នាំ ២០២១ |
| 260 ## - PUBLICATION, DISTRIBUTION, ETC. | |
| Place of publication, distribution, etc. | Phnom Penh : |
| Name of publisher, distributor, etc. | Sipar, |
| Date of publication, distribution, etc. | 2021. |
| 300 ## - PHYSICAL DESCRIPTION | |
| Extent | 40 pages : |
| Other physical details | color illustrations ; |
| Dimensions | 24 cm |
| 490 ## - SERIES STATEMENT | |
| Series statement | ខ្ញុំចង់អាន |
| 505 ## - FORMATTED CONTENTS NOTE | |
| Formatted contents note | P |
| 520 ## - SUMMARY, ETC. | |
| Summary, etc. | ផុតភ្ជុំដល់ពេលបុណ្យអ៊ុំទូក។ ដូចរាល់ឆ្នាំតានាំចន្ទនិងទិត្យមកភ្នំពេញដើម្បីអបអរការប្រណាំងទូក តែបើមានមនុស្សច្រើនបែបនេះប្រាកដជាមានអ្នកវង្វេងមិនខាន ហើយមុំក៏ជាអ្នកដែលវង្វេងនោះឯង។ |
| Uniform Resource Identifier | <a href=" "> </a> |
| 520 ## - SUMMARY, ETC. | |
| Summary, etc. | Pchum Ben days were finished, the Water Festival is starting. Like every year, grandpa brings Chan and Tith to Phnom Penh to celebrate the boat race, but if there are so many people like this, there will be people who get lost and Mom is the one who gets lost. |
| 521 ## - TARGET AUDIENCE NOTE | |
| Target audience note | 650<br/> |
| Source | Lexile estimate<br/> |
| 521 ## - TARGET AUDIENCE NOTE | |
| Target audience note | P <br/> |
| Source | Raz-Plus <br/> |
| 650 ## - SUBJECT ADDED ENTRY--TOPICAL TERM | |
| Topical term or geographic name entry element | បុណ្យអ៊ុំទូក |
| Form subdivision | ប្រារព្ធ |
| General subdivision | វង្វេង |
| 650 ## - SUBJECT ADDED ENTRY--TOPICAL TERM | |
| Topical term or geographic name entry element | Water Festival |
| Form subdivision | Celebrate |
| General subdivision | Get lost |
| 700 ## - ADDED ENTRY--PERSONAL NAME | |
| Personal name | Sovannrith, Khun |
| Titles and other words associated with a name | illustrator |
| 942 ## - ADDED ENTRY ELEMENTS (KOHA) | |
| Source of classification or shelving scheme | Dewey Decimal Classification |
| Koha item type | Books |
| Suppress in OPAC | No |
| 999 ## - | |
| -- | 1335 |
| -- | 1335 |
| Withdrawn status | Lost status | Source of classification or shelving scheme | Damaged status | Not for loan | Collection | Home library | Current library | Shelving location | Date acquired | Total Checkouts | Full call number | Barcode | Date last seen | Copy number | Price effective from | Koha item type |
|---|---|---|---|---|---|---|---|---|---|---|---|---|---|---|---|---|
| Dewey Decimal Classification | Khmer Language Books / សៀវភៅភាសាខ្មែរ | Footprints International School Library Network Toul Kork Campus | Footprints International School Library Network Toul Kork Campus | TK Campus, Room B402, Khmer Book Case 16, Shelves 112-123 / ទូរសៀវភៅខ្មែរលេខ ១៦ ធ្នើរ ១១២ ដល់ ១២៣ បន្ទប់ B402 សាខាទួលគោក | 08/17/2023 | SIV 959.6 | 2023-0283 | 08/17/2023 | 1 | 08/17/2023 | Books | |||||
| Dewey Decimal Classification | Khmer Language Books / សៀវភៅភាសាខ្មែរ | Footprints International School Library Network Toul Kork Campus | Footprints International School Library Network Toul Kork Campus | TK Campus, Room B402, Khmer Book Case 16, Shelves 112-123 / ទូរសៀវភៅខ្មែរលេខ ១៦ ធ្នើរ ១១២ ដល់ ១២៣ បន្ទប់ B402 សាខាទួលគោក | 08/17/2023 | SIV 959.6 | 2023-0284 | 08/17/2023 | 2 | 08/17/2023 | Books |
